000 00564nam a2200241 a 4500
001 nice12345678
003 IN_TiNIC
005 20260116012035.0
008 050524s1942 lona grp 000 0 eng
020 _a
_c100
082 0 0 _a289.5
_bFIS
100 _aFisher, H A L
245 _aOur New Religion
260 _aLondon
_bWatts and Company
_c1942
300 _a150p
500 _aincludes index and biblioraphy
505 2 _aBibliography
650 _aChristian-Sects
700 1 _aFisher, H A L
902 _bSRS
942 _cBK
999 _c5386
_d5386